LIBRARY & INFORMATION CENTRE, KCAET, TAVANUR

ONLINE PUBLIC ACCESS CATALOGUE (OPAC)

Robert Browning : A portrait / (Record no. 420)

MARC details
000 -LEADER
fixed length control field 00450cam a2200193ua 4500
041 ## - LANGUAGE CODE
Language code of text/sound track or separate title eng
082 ## - DEWEY DECIMAL CLASSIFICATION NUMBER
Classification number 928.21
Item number MIL/RO
100 ## - MAIN ENTRY--AUTHOR NAME
Personal name Miller, Betty .
245 ## - TITLE STATEMENT
Title Robert Browning : A portrait /
250 ## - EDITION STATEMENT
Edition statement 1 /
260 ## - PUBLICATION, DISTRIBUTION, ETC. (IMPRINT)
Place of publication London :
Name of publisher John Murray ,
Year of publication 1952.
300 ## - PHYSICAL DESCRIPTION
Number of Pages 302 ; .
650 ## - SUBJECT ADDED ENTRY--TOPICAL TERM
Topical Term Biography
942 ## - ADDED ENTRY ELEMENTS (KOHA)
Koha item type Books
Holdings
Withdrawn status Lost status Damaged status Home library Current library Date acquired Cost, normal purchase price Full call number Accession Number Koha item type Public note
Withdrawn     KAUAET Malayalam University 07/04/2012 21.00 928.21 7087 Books Transferred to Malayalam University
free website counter